00545nam a22001697a 45000050016000000100027000160200026000430350027000690370028000960820011001242450096001352600027002312700053002583000028003116500010003397000026003492011080304024.0 aB-440954-961 B-441434 a9788129116017c395.00 aB-440954-961 B-441434 bResearchco Book Centre  a591.73 aVoices in the wilderness:cedited by Prerna Singh Bindra bcontemporary wildlife writings / aNew DelhibRupa c2010 a7/16, Ansari Road, Daryaganj,bNew Delhie1100022 axvi, 237p. c22cm (pbk) aNovel aBindra, Prerna Singh